1457 1529 1421 1192 1068 1506 1861 1747 1017 1634 1927 1848 1126 1635 1606 1641 1800 1013 1961 1100 1411 1385 1382 1407 1741 1958 1789 1321 1358 1185 1617 1026 1996 1636 1246 1985 1342 1930 1502 1125 1378 1911 1889 1081 1188 1210 1092 1220 1277 1042 1593 1182 1397 1661 1449 1142 1869 1995 1285 1003 1343 1278 1451 1522 1355 1253 1593 1884 1547 1890 1329 1824 1085 1956 1894 1845 1173 1671 1621 1354 1759 1924 1042 1341 1352 1586 1262 1880 1226 1719 1794 1356 1686 1592 1220 1283 1552 1330 1014 BCNSPRNW ULIB Ver.6.0+V

เปลี่ยนเป็นภาษาไทย

Change to English
 แสดงรายละเอียดบรรณานุกรม
  กลับหน้าหลัก

Brief Record : Get Marc (ISO 2709) : E-mail record : QR code < ปิดหน้าต่าง
LEADER : 00000nam 2200000uu 4500
001    13399108055
003     ULIB
008    110216s2552||||th 000 0 tha d
020    9786117043024
060  4 QT255^bอ497ส 2552
100 0  อัจฉราพรรณ ไพบูลย์สุวรรณ
245 00 สวย...สั่งได้/^cอัจฉราพรรณ ไพบูลย์สุวรรณ
250    พิมพ์คร้งที่ 2
260    กรุงเทพฯ:^bบริษัท รักลูกกรุ๊ป จำกัด,^c2552
300    163 หน้า:^bภาพประกอบ
650  7 โยคะ
945    ^p185^l0^i026448
945    ^p185^l0^i18658
995    ทศพร
999 ^a ใช้งานได้ทุกระบบ
รายการนี้ยังไม่มีแท็ก
คุณยังไม่ได้ล็อกอิน คุณสามารถมีกิจกรรมร่วมกับเว็บไซต์ได้ แต่ต้องล็อกอินก่อน ::
  ล็อกอิน

รายการสื่อสารสนเทศ

ลำดับที่ ประเภท เลขเรียก/บาร์โค้ด สถานที่ สถานะ
- ไม่พบข้อมูล -

รายการใกล้เคียง
    หัวเรื่อง [โยคะ]

BibComment


ยังไม่เคยถูกคอมเมนท์

คอมเมนท์ทรัพยากรรายการนี้
  คอมเมนท์: สวยสั่งได้ อัจฉรา..


 Copyright 2026. Bcnsprnw @Library